• 首页
  • 本馆介绍
  • 公告通知
  • 最新文献
  • 馆藏检索
  • 电子资源
  • 读者导购
  • 参考咨询
  • 我的图书馆
  • 登录
  • 详细信息显示
  • 放入我的书架
  • 预约/预借图书
  • 作者相关作品
  • 分类相关作品
  • 丛书相关作品
  • 出版社相关作品

书目信息

  • 表格格式
  • 工作单格式
  • 卡片格式
题名:
楚辞选译
    
 
作者: 徐建华 , 金舒年 译注
分册:  
出版信息:    1991.10
页数: 184页
开本: 19cm
丛书名: 古代文史名著选译丛书
单 册:
中图分类: I222.3 , I211
科图分类:
主题词: 楚辞--译文 , 文学--作品集--中国
电子资源:
ISBN:
000 00698nam2 2200253 450
001 1539434174
005 20150125105752.06
010    @dCNY2.80
100    @a20021005d1991 em y0chiy0110 ea
101 0  @achi
105    @af zr 000gd
200 1  @a楚辞选译@9chu ci xuan yi@f徐建华,金舒年译注
210    @d1991.10
215    @a184页@c图@d19cm
225 2  @a古代文史名著选译丛书@i先秦两汉@f章培恒等主编
461  0 @12001 @a古代文史名著选译丛书
606 0  @a楚辞@x译文
606 0  @a文学@x作品集@x中国
690    @aI222.3@v5
690    @aI211@v4
701  0 @a徐建华@9xu jian hua@4译注
701  0 @a金舒年@9jin shu nian@c(女)@4译注
801  0 @aCN@bTSSF@c20150125
905    @aZUCC@dI211@eJY57
    
    楚辞选译/徐建华,金舒年译注.-1991.10
    184页:图;19cm.-(古代文史名著选译丛书.先秦两汉/章培恒等主编)
    
    
    ISBN :CNY2.80
    
●
相关链接 在E读中查询图书 在五车中查询图书 在当当中查询图书 在豆瓣中查询图书


正题名:楚辞选译     索取号:I211/JY57         预约/预借

序号 登录号 条形码 馆藏地/架位号 状态 备注
1 7853838   278538389   学院路分馆/ [索取号:I211/JY57] 在馆    
唐山师范学院图书馆 欢迎您!
大连网信软件有限公司© 版权所有